Ortografía 2. Ciclo inicial. 2º E.G.B.

Salvato in:
Dettagli Bibliografici
Autore principale: Equipo Pedagógico Bruño
Natura: Sconosciuto
Lingua:spagnolo
Pubblicazione: Madrid Bruño 1986
Catalogo:MANES:  Risultati della ricerca del catalogo della biblioteca
Libro di testo Classificazione:
Tags: Aggiungi Tag
Nessun Tag, puoi essere il primo ad aggiungerne!!
Aggiunto a:2016-04-26
Cambiato in:2024-11-20

MARC

LEADER 000000000a22000000004500
001 01798
003 OSt
005 20241121020106.0
008 160427s sp ||||| |||| 00| 0 spa d
040 |c centro_manes 
041 1 |a spa 
691 7 |a PRI 
100 1 |a Equipo Pedagógico Bruño  |9 229 
245 0 0 |a Ortografía 2. Ciclo inicial. 2º E.G.B. 
260 3 |a Madrid  |b Bruño  |c 1986 
300 |a 31 p.  |c 27x19 cm 
500 |a Fecha de publicación tomada del Depósito Legal 
690 0 |a EyL 
942 |2 ddc  |c BK 
546 |a España 
999 |c 7772  |d 7772 
999 |c manes:7772  |d 7772